| 000 | 00626nam a2200229 a 4500 | ||
|---|---|---|---|
| 005 | 20241127063731.0 | ||
| 008 | 991125s1988 mx 000 0 spa u | ||
| 020 | _a9682919940 | ||
| 035 | _aUPN01000050669 | ||
| 049 | _aI | ||
| 050 | 4 |
_aPZ78 _bR6 |
|
| 100 | 1 | _aRomo, Marta | |
| 245 | 1 | 0 |
_aRecetas y secretos-- : _bpara crecer / _ctexto Marta Romo ; il. Felipe Ugalde. |
| 260 |
_aMéxico : _bFernández : _aSEP, _c1988. |
||
| 300 |
_a36 p. : _bil. |
||
| 440 | 0 | _aCascada | |
| 650 | 7 |
_aHábitos alimenticios _2 _91358 |
|
| 650 | 4 |
_aNutrición _92193 |
|
| 650 | 4 |
_aRECETAS _919096 |
|
| 905 | _aInfantil | ||
| 999 |
_c50669 _d50669 |
||